00305nam a2200097Ia 4500008004100000245007600041245001600117260000900133650001400142856005100156171211s9999 xx 000 0 und d 4aThe Mask of Nostradamus: The Prophecies of the World's Most Famous Seer cJames Randi c1993 xBiography uhttp://down.ebook777.com/058/9780879758301.pdf